Guess the Taylor Swift Song (no hints) 6 - Statistics

General Stats
  • This quiz has been taken 491 times
  • The average score is 221 of 346
Answer Stats
Answer % Correct
I
99%
a
95%
you
95%
You
95%
the
94%
an
91%
me
90%
in
88%
your
88%
And
87%
it
87%
It
87%
be
86%
to
85%
We
85%
is
83%
my
83%
love
82%
When
82%
You're
82%
like
76%
Like
76%
I'm
75%
of
73%
one
73%
This
73%
this
73%
for
72%
hear
72%
that
72%
they
72%
could
71%
was
71%
But
70%
if
70%
know
70%
all
68%
by
66%
men
66%
Now
63%
up
63%
I'll
62%
With
62%
never
61%
Never
61%
said,
61%
had
60%
I'd
60%
I've
60%
Oh,
60%
oh,
60%
oh
60%
Just
59%
some
58%
did
55%
got
55%
have
55%
cowboy
54%
from
54%
thing
54%
our
53%
gonna
51%
down
48%
here
48%
Only
47%
Takes
47%
those
47%
thought
46%
again
45%
their
44%
things
44%
wanna
44%
way
44%
car
43%
dark
43%
good
43%
wanted
43%
Eyes
42%
asked
40%
game"
40%
pay
40%
sleeve
40%
tricks
39%
dance
38%
"Dancing
38%
dangerous
38%
meet
38%
about
37%
court
37%
tennis
37%
anything
36%
bandit
36%
covered
36%
life
36%
Telling
36%
tent
36%
before
35%
folks
35%
full
35%
lips
35%
rich
35%
waiting
35%
bar
34%
fancy
34%
Forever
34%
sitting
34%
stars
34%
airport
33%
Babylon
33%
Gardens
33%
hang
33%
old
33%
Perched
33%
Really
32%
fuck
31%
hard
31%
phone
31%
believe
30%
both
30%
closets
30%
con
30%
skeletons
30%
sweetest
30%
bed
29%
beneath
29%
boots
29%
through
29%
forward
28%
locked
27%
Plotted
27%
town
27%
stories
26%
passed
25%
Hustling
24%
ladies
24%
swindled
24%
lunching
20%
Mm
9%
mm,
9%
No matching quizzes found
Score Distribution
Percent of People with Each Score
Percentile by Number Answered
Your Score History
You have not taken this quiz